| 000 | 00590nam a2200205Ia 4500 | ||
|---|---|---|---|
| 005 | 20260618124048.0 | ||
| 008 | 131103s9999 xx 000 0 und d | ||
| 040 | _aLoreto College | ||
| 041 | _aEnglish | ||
| 082 |
_a269 _bOCO |
||
| 100 | _aO'Connell, Hugh J | ||
| 245 |
_aMaking a better World with vatican II _b a practical commentary on the church in the modern world _cHugh J O;Connell |
||
| 260 |
_aLiguori _bLiguorian Pamphlets _c1967 |
||
| 300 | _aV.8 | ||
| 440 | _aCatholic living series | ||
| 650 | _aChristianity | ||
| 651 | _aSpiritual | ||
| 850 | _aLCLIB | ||
| 942 | _cBK | ||
| 999 |
_c25579 _d76058 |
||